书目信息 |
| 题名: |
星驰·欧洲
|
|
| 作者: | 刘卿羽 著 | |
| 分册: | ||
| 出版信息: | 北京 新世界出版社 2016.9 |
|
| 页数: | 252页, [1] 叶图版 | |
| 开本: | 24cm | |
| 丛书名: | 群星闪耀时 | |
| 单 册: | ||
| 中图分类: | G843.732 | |
| 科图分类: | ||
| 主题词: | 足球运动--杯赛--欧洲--2016 | |
| 电子资源: | ||
| ISBN: | 978-7-5104-5948-1 | |
| 000 | 01229nam 2200337 45 | |
| 001 | 012001000593 | |
| 005 | 20130909102746.0 | |
| 010 | @a978-7-5104-5948-1@dCNY49.80 | |
| 092 | @aCN@bbk20161024sk-00423 | |
| 099 | @aCAL 012016143968 | |
| 100 | @a20161121d2016 em y0chiy0110 ea | |
| 101 | 0 | @achi |
| 102 | @aCN@b110000 | |
| 105 | @aaf z 000yy | |
| 106 | @ar | |
| 200 | 1 | @a星驰·欧洲@AXing Chi·Ou Zhou@e2016欧洲杯全纪念@f刘卿羽著 |
| 210 | @a北京@c新世界出版社@d2016.9 | |
| 215 | @a252页, [1] 叶图版@c彩图@d24cm | |
| 225 | 2 | @a群星闪耀时@AQun Xing Shan Yao Shi@i这个时代的足坛传奇 |
| 300 | @a其他题名:2016欧洲杯全纪念 | |
| 314 | @a刘卿羽, 卿晨体育创始人, 中国校内足球资深内容设计师。 | |
| 330 | @a本书是2016年法国欧洲杯的纪念书籍,书中包含每日比赛的精彩回顾,每日一星和赛后焦点,更有欧洲杯进球的二维码视频。全书有近百幅比赛的高清图片,能让读者全方位、身临其境地回顾欧洲杯的精彩瞬间。 | |
| 333 | @a本书适用于广大球迷 | |
| 461 | 0 | @12001 @a群星闪耀时 |
| 462 | 0 | @12001 @a这个时代的足坛传奇 |
| 517 | 1 | @a2016欧洲杯全纪念 |
| 606 | 0 | @a足球运动@x杯赛@y欧洲@z2016 |
| 690 | @aG843.732@v5 | |
| 701 | 0 | @a刘卿羽@Aliu qing yu@4著 |
| 801 | @aCN@b江苏凤凰@c20211018 | |
| 905 | @b1340260-3@dG843.732@e618@f4 | |
| 星驰·欧洲:2016欧洲杯全纪念/刘卿羽著.-北京:新世界出版社,2016.9 |
| 252页, [1] 叶图版:彩图;24cm.-(群星闪耀时.这个时代的足坛传奇) |
| 其他题名:2016欧洲杯全纪念.-使用对象:本书适用于广大球迷 |
| ISBN 978-7-5104-5948-1:CNY49.80 |
| 本书是2016年法国欧洲杯的纪念书籍,书中包含每日比赛的精彩回顾,每日一星和赛后焦点,更有欧洲杯进球的二维码视频。全书有近百幅比赛的高清图片,能让读者全方位、身临其境地回顾欧洲杯的精彩瞬间。 |
| ● |
| 相关链接 |
|
|
|
|
正题名:星驰·欧洲
索取号:G843.732/618
 
预约/预借
| 序号 | 登录号 | 条形码 | 馆藏地/架位号 | 状态 | 备注 |
| 1 | 1340260 | 213402600 | 第一样本阅览室/ [索取号:G843.732/618] | 在馆 | |
| 2 | 1340261 | 213402619 | 第四借阅区/ [索取号:G843.732/618] | 在馆 | |
| 3 | 1340262 | 213402628 | 第四借阅区/ [索取号:G843.732/618] | 在馆 | |
| 4 | 1340263 | 213402637 | 第四借阅区/ [索取号:G843.732/618] | 在馆 |